LDR 01028naa#a2200181#i#450# 001 RU\\bibl\126798 005 20260701081045.3 011 ## _a1815-588X 100 ## _a20260630b2026####ek#y0rusy0150####ca 102 ## _aRU 200 1# _aИзменение напряженно-деформированного состояния тоннельной камеры после капитального ремонта вентиляционной шахты _eЖурнальная статья 210 1# _aСанкт-Петербург _cФГБОУ ВО "Петербургский государственный университет путей сообщения Императора Александра I" _d2026 215 ## _a10 с. 608 ## _aЖурнальная статья _2local 675 ## _aНапряжения в конструктивных элементах. 624.042.12 _z 700 #1 _aСокорнов _gАнтон Александрович 700 #1 _aКоньков _gАлександр Николаевич 856 4# _aitt-pgups.ru _u